000 00339nam a2200121Ia 4500
008 220216s9999 xx 000 0 und d
100 _aIsa Z
245 0 _aSome improvements in the analytical methods for testing rubber factory effluent
260 _bPlanters Bulletin
_c1987
300 _a8-Mar
650 _aRubber effluent
942 _cJS
999 _c68986
_d68986